| 000 | 01492cam a2200337 i 4500 | ||
|---|---|---|---|
| 999 |
_c130184 _d130184 |
||
| 001 | 19220583 | ||
| 003 | ARRUPE | ||
| 005 | 20200123115729.0 | ||
| 008 | 160808s2016 ohub b 001 0 eng c | ||
| 010 | _a 2016036414 | ||
| 020 | _a9780821422427 (pb : alk. paper) | ||
| 020 | _a9780821445846 (pdf) | ||
| 040 |
_aIEN/DLC _beng _cIEN _erda _dDLC |
||
| 042 | _apcc | ||
| 043 | _af-sd--- | ||
| 050 | 0 | 0 |
_aDT159.92 _b.J64 2016 |
| 082 | 0 | 4 |
_a962.9 _223 |
| 100 | 1 |
_aJohnson, Douglas H. _q(Douglas Hamilton), _d1949- _eauthor. _927392 |
|
| 245 | 1 | 0 |
_aSouth Sudan, a new history for a new nation / _cDouglas H. Johnson. |
| 300 |
_a224 pages : _bmaps ; _c18 cm. |
||
| 490 | 1 | _aOhio short histories of Africa | |
| 504 | _aIncludes bibliographical references and index. | ||
| 505 | 0 | _aIntroduction: "This is where we came from" -- South Sudan in the Nile Basin -- Trees and wandering bulls -- Trade and empires, tribal zones and deep rurals -- Dispersal and diasporas -- The dual colonialism of the condominium -- The politics of competing nationalisms -- Two wars -- Self-determination in the Twenty-first Century -- Legacies of war. | |
| 651 | 0 |
_aSouth Sudan _xHistory. _949050 |
|
| 651 | 0 |
_aSudan _xPolitics and government. _91471 |
|
| 651 | 0 |
_aSouth Sudan _xPolitics and government. _931158 |
|
| 830 | 0 |
_aOhio short histories of Africa. _922372 |
|
| 906 |
_a7 _bcbc _corignew _d1 _eecip _f20 _gy-gencatlg |
||
| 942 |
_2lcc _cMONOGRAPH |
||